| Tag |
First Indicator |
Second Indicator |
Subfields |
| LEADER |
00000cam a2200000 a 4500 |
| 001 |
in00000765621 |
| 005 |
20151016171726.0 |
| 008 |
851023s1978 mauab b 10010 eng d |
| 035 |
|
|
|a (OCoLC)12708070
|
| 035 |
|
|
|9 ADJ9243AM
|
| 040 |
|
|
|a CTW
|c CTW
|d m/c
|d TXA
|d UtOrBLW
|
| 043 |
|
|
|a n-usn--
|
| 049 |
|
|
|a TXAM
|c [A12670614]
|
| 050 |
|
4 |
|a F4
|b .D82 1977
|
| 110 |
2 |
|
|a Dublin Seminar for New England Folklife
|n ( (2nd :
|d 1977)
|
| 245 |
1 |
0 |
|a New England historical archeology /
|c editor, Peter Benes; associate editor, Jane Montague Benes.
|
| 264 |
|
1 |
|a Boston :
|b Boston University,
|c [1978]
|
| 300 |
|
|
|a 160 pages :
|b illustrations, maps ;
|c 23 cm.
|
| 336 |
|
|
|a text
|b txt
|2 rdacontent
|
| 337 |
|
|
|a unmediated
|b n
|2 rdamedia
|
| 338 |
|
|
|a volume
|b nc
|2 rdacarrier
|
| 490 |
1 |
|
|a Annual proceedings / Dublin Seminar for New England Folklife ;
|v v. 2, 1977
|
| 504 |
|
|
|a Bibliography: pages 148-159.
|
| 651 |
|
0 |
|a New England
|x Antiquities.
|
| 651 |
|
0 |
|a New England
|x Social life and customs
|x Congresses.
|
| 650 |
|
0 |
|a Archaeology and history
|z New England.
|
| 700 |
1 |
|
|a Benes, Peter.
|
| 830 |
|
0 |
|a Annual proceedings (Dublin Seminar for New England Folklife) ;
|v 1977.
|
| 999 |
|
|
|a MARS
|
| 999 |
f |
f |
|s 3a891a57-763d-34d4-88ba-572d60c4942c
|i 90eb70a0-2881-3d3d-8114-02c1498dc93b
|t 0
|
| 952 |
f |
f |
|p ric
|a Texas A&M University
|b Rellis Campus
|c Joint Library Facility
|d Remote Storage
|t 0
|e F4 .D82 1977
|h Library of Congress classification
|i unmediated -- volume
|m A14812670614
|
| 998 |
f |
f |
|a F4 .D82 1977
|t 0
|l Remote Storage
|